000 00624nam a2200241 i 4500
001 C2-0225306
003 PPAK
005 20180728153548.0
008 000606s1997 xxc |||| ||||| | eng d
020 _a0770426182
040 _aPPAK
_beng
_cPPAK
_erda
082 0 4 _a823
_223
090 0 0 _a823
_bHOE
_dG
100 1 _aHoeg, Peter,
_eauthor
245 1 0 _aSmilla's sense of snow
264 1 _aToronto, Canada :
_bA Seal Book ,
_c1997
300 _a499 pages ;
_c18 cm
336 _2rdacontent
_atext
337 _2rdamedia
_aunmediated
338 _2rdacarrier
_avolume
650 1 0 _aEnglish fiction
942 _ddc
_cB
999 _c146028
_d146028